LEADER 01351nam a2200277 i 4500 001 000000134656 003 CaOOAMICUS 005 20080417000000.0 008 080417s2005 it u000 u ita u 013 $a107830 020 $a88-370-3597-7 040 $aSeMil$bita 100 1 $aCongdon, William Grosvenor <1912-1998>.$0(OLS)http://semarc/name/46421 245 10$aWilliam Congdon, 1912-1998: Analogia dell'icona :$bun cammino nell'espressionismo astratto /$ca cura di Rodolfo Balzarotti, Giuseppe Barbieri. 260 $aMilano :$bElecta,$ccopyr. 2005. 300 $a158 p. :$bricc. ill. ;$c24 cm. 500 $aCatalogo della mostra tenuta a Milano, Assisi, Vicenza nel 2005. 650 4$aCongdom, William <1912-1998> - Esposizioni.$0(OLS)http://semarc/subject/26525 700 1 $aBarbieri, Giuseppe <1955- >.$0(OLS)http://semarc/name/53496 700 1 $aBalzarotti, Rodolfo.$0(OLS)http://semarc/name/50805 850 $aSeMil 852 $aSeMil$W1$xVenegono$y1$m5O IX 20bis$j220521$B88371$CSeMilBibl$Z2$F133284 $81 961 $aAcquisto: Einaudi (Agente) 996 $6020$a88-370-3597-7$9(OLS)http://semarc/number/121896 996 $6245$aWilliam Congdon, 1912-1998: Analogia dell'icona :$bun cammino nell'espressionismo astratto$9(OLS)http://semarc/title/197028 996 $6260$aMilano :$bElecta$9(OLS)http://semarc/publisher/29711 LEADER 01953nam a2200277 i 4500 001 000000213790 003 CaOOAMICUS 005 20220113091526.0 008 120607s1772 it u000 u mul u 013 $a192645 026 $abime t.is p.ta Mu&f (3) 1701 (R) 040 $aSeMil$bita 100 1 $aHesiodus,$d.$0(OLS)http://semarc/name/12098 245 10$aHesiodou Askraiou ta Euriskomena, Orpheos, kai Proklou Lykiou philosophou hymnoi. Hesiodi Ascraei quae extant, Orphei, et Procli Lycii philosophi hymni. Cum brevissimis adnotationibus ... Accedit Pasoris index vocabula singula Hesiodi complectens. 250 $aEditio altera accuratior, & emendatior. 260 $aPatavii :$bTypis Seminarii apud Johannem Manfrè,$c1772. 300 $aXXIV, 165, [1], XIII, [1], 206, [2] p. ;$c8°. 500 $aFront. stampato in rosso e nero. - Segn. : a4 b8 A-Z8 2A10. - Testo latino e greco. - Iniz. e fregi xilogr. - Cors. ; gr. ; rom. - C. G4 erroneamente segnata S4, c. Y3 erroneamente segnata Y4. - A c. L4r. occhietto relativo agli Inni di Orfeo (identico a quello di c. M3r.), probabilmente errato poichè introduce la vita del poeta. 700 1 $aPasor, George,$d<1570-1637>.$0(OLS)http://semarc/name/12095 700 1 $aManfrè, Giovanni,$c.$0(OLS)http://semarc/name/1034 710 2 $aTipografia del Seminario$b.$0(OLS)http://semarc/name/1033 850 $aSeMil 852 $aSeMil$W1$xVenegono$y1$m1Z II 93 FA$j164218$B164218$CSeMilBibl$Z2$F175265 $8I 996 $6245$aHesiodou Askraiou ta Euriskomena, Orpheos, kai Proklou Lykiou philosophou hymnoi. Hesiodi Ascraei quae extant, Orphei, et Procli Lycii philosophi hymni. Cum brevissimis adnotationibus ... Accedit Pasoris index vocabula singula Hesiodi complectens$9(OLS)http://semarc/title/308163 996 $6260$aPatavii :$bTypis Seminarii apud Johannem Manfrè$9(OLS)http://semarc/publisher/52803